000 nam a22 7a 4500
999 _c10086
_d10086
008 180212b ||||| |||| 00| 0 eng d
100 _aWieslander, A
_96106
245 _aMamma moo Roads
260 _aGurgaon
_bA & A Book trust
_c2012